000 00584nam a22001937a 4500
005 20251108165800.0
008 250721s1985 xx 000 0 ara d
082 1 4 _aم/415.03/معج
100 1 _aيعقوب، إميل بديع
245 1 0 _aمعجم الأعراب والأملاء /
250 _aط2 . ، مزيدة ومنقحة
264 1 _aبيروت :
_bدار العلم للملايين،
_c1985.
300 _a472ص
650 1 7 _aاللغة العربية
650 1 7 _aالنحو والصرف
650 1 7 _aالقواميس
942 _2ddc
_cREF
999 _c31171
_d31171